Fußball-Europameisterschaft Städte 2024 - Statistiken

Allgemein
  • Dieses Quiz wurde 337 mal gespielt
  • Das Durchschnittsergebnis liegt bei 9 aus 10
Antwortstatistiken
Bildquiz Antwort % Korrekt
Berlin
100%
Köln
99%
Hamburg
98%
München
97%
Frankfurt am Main
95%
Stuttgart
93%
Dortmund
91%
Leipzig
89%
Düsseldorf
87%
Gelsenkirchen
85%
Keine übereinstimmenden Quizze gefunden
Verteilung der Resultate
Anzahl Personen mit jedem Resultat
Perzentil nach korrekt beantworteten Fragen
Ihre Resultats-Entwicklung
Sie haben dieses Quiz noch nicht gespielt